Régimen laboral y costo de mano de obra en construcción civil / (Registro nro. 244)
[ vista simple ]
| 000 -LEADER | |
|---|---|
| fixed length control field | 01266nam a2200253Ia 4500 |
| 003 - CONTROL NUMBER IDENTIFIER | |
| control field | PE SENCICO BE |
| 005 - DATE AND TIME OF LATEST TRANSACTION | |
| control field | 20251020182431.0 |
| 008 - FIXED-LENGTH DATA ELEMENTS--GENERAL INFORMATION | |
| fixed length control field | 200515s9999 xx 000 0 und d |
| 040 ## - CATALOGING SOURCE | |
| Original cataloging agency | PE SENCICO BE |
| Transcribing agency | PE SENCICO BE |
| 041 ## - LANGUAGE CODE | |
| Language code of text/sound track or separate title | spa |
| 082 ## - DEWEY DECIMAL CLASSIFICATION NUMBER | |
| Classification number | 692.5 |
| Item number | R21R |
| 100 1# - MAIN ENTRY--PERSONAL NAME | |
| Personal name | Ramos Salazar, Jesús |
| 9 (RLIN) | 146 |
| Relator term | autor |
| 245 10 - TITLE STATEMENT | |
| Title | Régimen laboral y costo de mano de obra en construcción civil / |
| Statement of responsibility, etc. | Jesús Ramos Salazar |
| 250 ## - EDITION STATEMENT | |
| Edition statement | 1a ed. |
| 260 ## - PUBLICATION, DISTRIBUTION, ETC. | |
| Place of publication, distribution, etc. | Lima : |
| Name of publisher, distributor, etc. | CAPECO ; |
| Date of publication, distribution, etc. | 1994 |
| 300 ## - PHYSICAL DESCRIPTION | |
| Extent | 68 p. : |
| Other physical details | tbl. ; |
| Dimensions | 28 cm. |
| 505 0# - FORMATTED CONTENTS NOTE | |
| Formatted contents note | Regimen laboral en construcción civil -- Costo de mano de obra -- Sistema computarizado de planilla de trabajadores de construcción civil (Planisoft) -- Rendimientos mínimos oficiales de la mano de obra en la industria de la construcción civil en el ramo de edificación. |
| 520 ## - SUMMARY, ETC. | |
| Summary, etc. | Auxiliar integral de consultas que contienen todo lo relacionado al régimen de los trabajadores en construcción civil y en especial los aspectos relacionados al pago de salarios y planilla de jornales, rubro en el que se incluye también los formatos de to |
| 650 10 - SUBJECT ADDED ENTRY--TOPICAL TERM | |
| Topical term or geographic name entry element | Presupuestos de obra |
| 9 (RLIN) | 863 |
| 650 20 - SUBJECT ADDED ENTRY--TOPICAL TERM | |
| Topical term or geographic name entry element | Industria de la construcción |
| 9 (RLIN) | 417 |
| 650 20 - SUBJECT ADDED ENTRY--TOPICAL TERM | |
| Topical term or geographic name entry element | Legislación |
| 9 (RLIN) | 1707 |
| 650 20 - SUBJECT ADDED ENTRY--TOPICAL TERM | |
| Topical term or geographic name entry element | PUB CAPECO |
| 9 (RLIN) | 2575 |
| 942 ## - ADDED ENTRY ELEMENTS (KOHA) | |
| Koha item type | Libros |
| Source of classification or shelving scheme | Dewey Decimal Classification |
| Fecha de la última vez que lo usaron | Número de ingreso o de inventario | Pago total | Signatura topográfica completa | Código de barras | Precio efectivo desde | Tipo de documento | Estado perdido | Sistema de clasificación | Estado dañado | No es para préstamo | Retirado | Ubicación permanente | Ubicación actual | Fecha de adquisición |
|---|---|---|---|---|---|---|---|---|---|---|---|---|---|---|
| 15/05/2020 | 4617 | 692.5/R21R | BibLima24080045 | 15/05/2020 | Libros | Dewey Decimal Classification | Biblioteca Central Lima | Biblioteca Central Lima | 15/05/2020 | |||||
| 06/01/2026 | 692.5/R21R | BibZtruj26012610 | 06/01/2026 | Libros | Dewey Decimal Classification | Biblioteca Trujillo | Biblioteca Trujillo | 06/01/2026 |